| 000 | 00638nam a22002417a 4500 | ||
|---|---|---|---|
| 003 | IBSLLIB | ||
| 005 | 20260513070852.0 | ||
| 008 | 260513b |||||||| |||| 00| 0 eng d | ||
| 040 |
_aIBSLLIB _beng |
||
| 041 | _hEng | ||
| 082 |
_a812.5 _bMIL |
||
| 100 | _aMiller , Arthur | ||
| 245 | _aDeath of a Salesman | ||
| 260 |
_aDelhi : _bArnold Heinemann , _c1949 |
||
| 300 |
_a157 p ; _c19 cm |
||
| 505 | _aList of Characters | ||
| 505 | _aDeath Of A Salesman | ||
| 650 | _aAmerican literature in english | ||
| 650 | _aAmerican drama in English | ||
| 653 | _aSaleman | ||
| 700 |
_aPradhan N.S. _eIntroduction |
||
| 942 | _cLBK | ||
| 999 |
_c22121 _d22121 |
||